| 000 | 00435nam a2200193Ia 4500 | ||
|---|---|---|---|
| 005 | 20240823035612.0 | ||
| 008 | 240823s9999||||xx |||||||||||||| ||und|| | ||
| 020 | _a978-81-291-2032-8 | ||
| 041 | _aENGLISH | ||
| 082 | _A823.912 Q2 | ||
| 100 | _aJoseph Conrad | ||
| 245 | 0 | _aTyphoon and The Shadow Line | |
| 250 | _a1st | ||
| 260 |
_c2012 _bRupa |
||
| 500 | _aYES | ||
| 650 |
_aNovel _bEnglish |
||
| 942 | _cBK | ||
| 999 |
_c201081 _d201081 |
||